| 000 | 00366nam a2200121Ia 4500 | ||
|---|---|---|---|
| 008 | 190216s9999||||xx |||||||||||||| ||und|| | ||
| 100 | _aShahane V A | ||
| 245 | 0 | _aMosaic Modern English Prose | |
| 260 |
_bMacmillan India Ltd _c1982 |
||
| 300 | _a180p | ||
| 650 | _aModern Indian History-Modern Indian History-Modern Indian History-Modern Indian History | ||
| 942 | _cBK | ||
| 999 |
_c13140 _d13140 |
||